000 00232nam a22000857a 4500
008 160630b xxu||||| |||| 00| 0 eng d
100 _91627
_aGupta, R.G., et al
245 _aUnderstanding Compositr Mathematics
260 _aN.D
_b Arya
_c2005
999 _c1350
_d1350